000 00771nam a22002177a 4500
003 UA-OsUOA
001 76609
007 ta
008 20110712b un ||||| |||| 00| 0 ukr d
100 _aШумулина Т.В.
090 _a659
_bШ96
942 _cSA
040 _aUA-OsUOA
_brus
_cUA-OsUOA
_dUA-OsUOA
245 _aКонфликт принципов журналистики
300 _aС.155-168
955 _a0
041 _arus
080 _a659
773 0 _w76605
_tВестник Московского университета. Серия 10. Журналистика
_dМ.
_d2011
_g1
650 7 _a659 Реклама. Система інформації. Громадська інформація та реклама (Паблик-Рилейшнз)
_2UDC
999 _c362910
_d362910